000 01288nam a2200265Ia 4500
999 _c49388
_d49388
001 16308
003 GE_BSU
005 20230207120934.0
008 181216s2011||||ge |||||||||||||| ||geo||
020 _a9789994050499
040 _cGE_BSU
041 _ageo
080 _a34(479.22)(09) ქ-27
245 _aქართული სამართლის ისტორია : (ქრესტომათია) :
_b[სახელმძღვ.] /
_cსაქ. უნ-ტის სამართლის სკოლა ; [შემდგ. ბექა ქანთარია ; რედ. იაკობ ფუტკარაძე].
250 _aპირველი გამოცემა
264 _aთბილისი :
_b საქ. უნ-ტის გამ-ბა,
_c2011.
300 _a330 გვ;
_b28 სმ.
504 _a ბიბლიოგრ. ტექსტ. შენიშვნ.
541 _h20ლ.
653 _aსამართალი
653 _aქართული სამართლის ისტორია
700 _aქანთარია, ბექა
_eშემდგენელი
_97637
700 _aფუტკარაძე, იაკობ
_eრედაქტორი
_912625
942 _cBK
_2udc